00465nam a2200181 a 4500001001300000003000900013005001700022008004100039020001000080082001600090245003500106260003700141300000900178500003500187505000800222650002700230710002600257nice12345678IN_TiNIC20260116011417.0050524s0000 teha grp 000 0 per  ac10000a232.9bNUR1 aIsa Masihb Khudawand-O-Khadem aTehranbHuner Bakhsh Pressc0000 a116p aincludes index and biblioraphy2 aIll aJesus Christ-Biography2 aNurjahan Publications